| 000 | 00863cam a22002775a 4500 | ||
|---|---|---|---|
| 001 | 15962815 | ||
| 005 | 20201128021200.0 | ||
| 008 | 091027s2009 enkdk frb f001 0 eng d | ||
| 010 | _a2009279356 | ||
| 020 | _a9780521193955 | ||
| 020 | _a0521193958 | ||
| 040 |
_aBTCTA _beng _cBTCTA _dYDXCP _dBWK _dSUC _dBWX _dDLC _dEG-ScBUE |
||
| 082 | 0 | 4 |
_a621.382 _222 _bLAP |
| 100 | 1 |
_aLapidoth, Amos _937248 |
|
| 245 | 1 | 2 |
_aA foundation in digital communication / _cAmos Lapidoth. |
| 260 |
_aCambridge : _bCambridge University Press, _c2009. |
||
| 300 |
_axxv, 723 p. : _bcharts, forms ; _c26 cm. |
||
| 500 | _aIndex : p. 711-723. | ||
| 504 | _aBibliography : p. 697-701. | ||
| 590 | _amenna elemam | ||
| 650 | 0 |
_a Digital communications _91260 _2BUEsh |
|
| 651 | _2BUEsh | ||
| 653 |
_bENGELC _cAugust2015 |
||
| 655 |
_vreading book _934232 |
||
| 942 |
_2ddc _k621.382 LAP |
||
| 999 |
_c18903 _d18875 |
||